| 000 | 00384 a2200145 4500 | ||
|---|---|---|---|
| 999 |
_c12454 _d12454 |
||
| 003 | OSt | ||
| 005 | 20240116152118.0 | ||
| 008 | 240116b ||||| |||| 00| 0 eng d | ||
| 020 | _a9783034613026 | ||
| 082 |
_a729 _bLEY |
||
| 100 | _a Leydecker, Sylvia | ||
| 245 |
_aDesigning interior architecture : _bconcept, typology, material, construction |
||
| 260 | _bBIRKHAUSER | ||
| 942 | _2ddc | ||